00000000nam 2200000zi 4500
0019.929952
003CaOODSP
00520240403111901
006m     o  d f      
007cr cn|||||||||
008231103e201611##onca    o    f|0| 0 eng d
040 |aCaOODSP|beng|erda|cCaOODSP
043 |an-cn---
0861 |aIu134-44/2016E-PDF
24500|aEntrepreneurs' challenges and needs : |bsurvey highlights.
264 1|a[Ottawa] : |bBDC, |cNovember 2016.
300 |a1 online resource (4 pages) : |billustrations
336 |atext|btxt|2rdacontent
337 |acomputer|bc|2rdamedia
338 |aonline resource|bcr|2rdacarrier
500 |aCover title.
500 |aIssued also in French under title: Les problèmes et les besoins des entrepreneurs : faits saillants.
650 0|aSmall business|zCanada|xFinance|xPublic opinion.
650 0|aBusiness enterprises|zCanada|xFinance|xPublic opinion.
650 0|aBusinesspeople|zCanada|xAttitudes.
650 0|aPublic opinion|zCanada.
7102 |aBusiness Development Bank of Canada, |eissuing body.
77508|tLes problèmes et les besoins des entrepreneurs : |w(CaOODSP)9.929953
85640|qPDF|s1.05 MB|uhttps://publications.gc.ca/collections/collection_2024/bdc/Iu134-44-2016-eng.pdf